|
|
|
|
| LEADER |
00870nab a2200193 i 4500 |
| 001 |
publ5962 |
| 005 |
20220923095359.0 |
| 008 |
160105s2014 hu o 0|| angol d |
| 024 |
7 |
|
|a 2836008
|2 mtmt
|
| 040 |
|
|
|a SZTE Publicatio Repozitórium
|b hun
|
| 041 |
|
|
|a angol
|
| 100 |
1 |
|
|a Zsótér Brigitta Tünde
|
| 245 |
1 |
0 |
|a Examinations carried out in relation to the shopping habits and satisfaction of costumers in the shops of Coop Szeged Ltd.
|h [elektronikus dokumentum] /
|c Zsótér Brigitta Tünde
|
| 260 |
|
|
|a University of Szeged Faculty of Engineering
|c 2014
|
| 300 |
|
|
|a 38-41
|
| 490 |
0 |
|
|a REVIEW OF FACULTY OF ENGINEERING: ANALECTA TECHNICA SZEGEDINENSIA (ONLINE)
|v 2014 No. 1
|
| 650 |
|
4 |
|a Társadalom- és gazdaságföldrajz
|
| 700 |
0 |
1 |
|a Kaliczka Renáta
|e aut
|
| 856 |
4 |
0 |
|u http://publicatio.bibl.u-szeged.hu/5962/1/EPA02592_Analecta_2014_1_038_041_u.pdf
|z Dokumentum-elérés
|